| 000 | 00570nmm a2200217 a 4500 | ||
|---|---|---|---|
| 003 | AR-BaBNM | ||
| 005 | 20251128205506.0 | ||
| 008 | 117119s1994 ||||||||||||||000 | spa|| | ||
| 020 | _a84-8016-059-4 | ||
| 040 | _cAR-BaBNM | ||
| 245 | 1 | 0 |
_aLarousse _bdiccionario de la lengua española : esencial |
| 250 | _a1ª ed. | ||
| 260 |
_aBarcelona _bLarousse _c1994 |
||
| 300 | 0 | _a727 p. | |
| 500 | 0 | _aIncluye acepciones propias del español de Hispanoamérica | |
| 650 | 4 | _aDICCIONARIOS | |
| 650 | 4 | _aESPANOL | |
| 655 | _aREFERENCIA | ||
| 942 | _cBK | ||
| 998 | _claura | ||
| 999 |
_c11615 _d11615 |
||